MDQL
is popping MORE tags! Check the
thread
!
Quizzes
Events
Quiz Creation
Community
Videos
Private Events
Remove Ads
Sign In
Join for FREE
Feedback
Dark Mode
Quiz Categories
Sports
Geography
Music
Movies
Television
Just For Fun
Miscellaneous
History
Literature
Language
Science
Gaming
Entertainment
Religion
Holiday
For Kids
Quiz Lab
Recent
Popular Today
Quiz Kudos Today
Editor Picks
Curator Picks
Quizzes by...
Day
Popularity
Type
Ratings
Length
Year
Community
Subscriptions
Recent Discussions
Orange Saloon
Badges
Playlists
Quests
Create
Leaderboards
Showdown
Live 5
Trivia Bingo
Activity
Puzzle Library
Sporcle Events
Private Events
Virtual Trivia
Globe League
Become a Host
Pub Owners
SporcleCon
Opinionation
Our Games
Videos
Blog
Mobile Apps
Partnerships
Remove Ads and Go Orange
Feedback
Gaming
Video Games
Board Games
Card Games
Pokémon
Mario
Nintendo
Minecraft
Console
Toys
Legend of Zelda
Gaming
Video Games
Board Games
Card Games
Pokémon
Mario
Nintendo
Minecraft
Console
Toys
Legend of Zelda
Random Quiz
Search Sporcle
×
Quiz Lab
Quiz Lab
Gaming
Left 4 Dead
Type in answers that appear in a list
Type in answers that appear in a list
Classic
Best Score? Go Orange.
Left 4 Dead Quiz Stats
Can you name the info about Left 4 Dead?
By
TheLowe4
13m
93 Questions
33 Plays
33 Plays
33 Plays
Comments
Comments
Give Quiz Kudos
Give Quiz Kudos
-
- Ratings
hide this ad
Replay
Link that replays current quiz
Next Quiz
Link to next quiz in quiz playlist
You Got
0%
They Got
Avg Score
58%
Avg Friend Score
Upgrade to see
Score Distribution
Jump to the score distribution portion of the page
Score
0/93
Timer
13:00
0
Plays Today
% Correct
No Mercy
93.9%
Bill
93.9%
Zoey
93.9%
Boomer
93.9%
Francis
90.9%
Louis
90.9%
Coach
90.9%
Nick
90.9%
Rochelle
90.9%
Hunter
90.9%
Smoker
90.9%
Tank
90.9%
Witch
90.9%
Swamp Fever
87.9%
Ellis
87.9%
Spitter
87.9%
Jockey
87.9%
Blood Harvest
84.8%
The Passing
84.8%
Charger
84.8%
Axe
84.8%
Clown
81.8%
Baseball Bat
81.8%
Crash Course
78.8%
Dead Air
78.8%
Dark Carnival
78.8%
The Sacrifice
78.8%
Golf Club
78.8%
Death Toll
75.8%
Mud Men
75.8%
Pain Pills
75.8%
% Correct
Chainsaw
75.8%
Cricket Bat
75.8%
Guitar
75.8%
Dead Center
72.7%
First Aid Kit
72.7%
Katana
72.7%
The Parish
69.7%
Screamer
69.7%
Frying Pan
69.7%
Wandering Witch
66.7%
Adrenaline
66.7%
Nightstick
66.7%
Pipe Bomb
66.7%
Hard Rain
63.6%
Cold Stream
63.6%
Machete
63.6%
Molotov
63.6%
Laser Sight
60.6%
Boomer Bile
60.6%
The Last Stand
57.6%
Hazmat
57.6%
Worker
57.6%
Versus
51.5%
Magnum
48.5%
Crowbar
48.5%
Explosive Ammo
48.5%
Gas Can
48.5%
Propane Tank
48.5%
Fallen Survivor
45.5%
Defibrillator
45.5%
Pump Shotgun
45.5%
% Correct
Fireworks
45.5%
Realism
45.5%
Grenade Launcher
42.4%
Gnome Chompski
42.4%
Survival
42.4%
Auto Shotgun
39.4%
Hunting Rifle
39.4%
Chrome Shotgun
39.4%
Oxygen Tank
39.4%
Submachine Gun
36.4%
AK47
36.4%
Incendiary Ammo
36.4%
Single Player
36.4%
Realism Versus
36.4%
Scavenge
36.4%
Combat Shotgun
33.3%
Cola
33.3%
Silenced Submachine Gun
27.3%
Sniper Rifle
24.2%
M60
24.2%
Combat Rifle
21.2%
Mutation
21.2%
Riot Control
18.2%
M1911
15.2%
Minigun
12.1%
P220
9.1%
Heavy Machine Gun
9.1%
M16 Assault Rifle
6.1%
Explosive Barrel
6.1%
Co-op Campaign
6.1%
Scavenge Gas Cans
3%
Quiz Playlist
Details
Report
Send in Message
Add To Playlist
Classic:
Type in answers that appear in a list
Last Updated: Feb 16, 2017
Quiz Scoreboard
CHALLENGE
Sign Up to Join the Scoreboard
Show All
Scores
Hide
Comments
May contain spoilers
Recently Published
1-10 Letter E Words III
by El_Dandy
Language
2m
Street Fighter Characters
by Artimus82
Gaming
60s
College Basketball Coaching Resumes
by pancakes188
Sports
9m
More to Explore
Quiz From the Vault
Featured Blog Post
Where Did the Easter Bunny Come From?
hide this ad
You Might Also Like...
Tags
death
Left 4 Dead
Today's Top Quizzes in Gaming
Browse Gaming
hide this ad
Top Contributed Quizzes in Gaming
1
5-to-1: Consoles
2
7-to-1: Board Game Piece Blitz
3
5-to-1: Legend of Zelda
4
League of Legends Pro Players by Career/Team History
5
Destiny 2 exotic weapons by perk icons
6
Ultimate Genshin Impact Logic Puzzle (up to 4.3)
7
Quick Pick: Video Games Lost in Translation
8
Franchise by Action Figure
9
Who's on the WWE 2K24 Cover?
10
Genshin Impact Logic Puzzle Quiz
Explore More
Trending Topics
Disney
Crossword
NBA
Kpop
Marvel
Anime
Harry Potter
WWE
Pokémon
Soccer
NFL
Puzzle
Country
Song
The Office
hide this ad
More By:
TheLowe4
Quiz
Plays
Rating
Category
Featured
Created
Good Luck Charlie Characters Quiz
1,119
1.00
Television
Dec 27, 2011
Hannah Montana Character Quiz
936
2.50
Television
Jan 2, 2013
Jessie Characters
889
5.00
Television
Jan 7, 2013
Victorious Character Quiz
862
Television
Jan 2, 2013
How well do you know The Hunger Games Series
643
2.67
Movies
May 8, 2013
Go to Creator's Profile
Score Distribution
Quiz Creator Spotlight
TheLowe4
Follow
Send a Message
Quizzes Created
-
Created Quiz Play Count
-
More By This Creator
Popular Quizzes Today
1
Find the US States - No Outlines Minefield
2
Find the Countries of Europe - No Outlines Minefield
3
The Countries of the World
4
Find the US States
5
Risky Map Clicking: Biggest States A-Z
6
US States
7
Popular People in 1961
8
Movies - When Are They Set?
More Gaming Quizzes
Isogram Starter Pokémon
Editor's Pick
Trending Quizzes
Risky Map Clicking: Least Populous States A-Z
USA Borders Longest to Shortest
1-10 Letter G Words
1-10 Letter F Words
Countries of the World: 200 Million BC
Recently Updated
Beyoncé Albums
pecheneg
Leaping Animals
pecheneg
Reality TV Shows (A-Z)
bhenderson79
Rickey Henderson's Hall of Fame Teammates
pecheneg
Champions League XIs: Arsenal
pecheneg
Quick Pick: Celebrities in WWE's Hall of Fame
aduchscher
A-Z Keypad Blitz II
pecheneg
Multiple Oscar Actors
pecheneg
Mystery Phrase Blitz: Oscar 'Best Actors'
pecheneg
F. Scott Fitzgerald Novels
LTH
Trending Topics
Kpop
Disney
Crossword
NBA
Marvel
Harry Potter
Anime
WWE
NFL
The Office
Pokémon
Puzzle
Country
Soccer
Song
Your Account Isn't Verified!
In order to create a playlist on Sporcle, you need to verify the email address you used during registration. Go to your
Sporcle Settings
to finish the process.
Report this User
Report this user for behavior that violates our
Community Guidelines
.
Details:
Send Report
Go to the Sporcle.com Mobile Site →
Comments